Podivuhodná cesta nezbedy Petra s divokými husami /

Hlavní autor: Tisovský, T. E. 1863-1939
Jazyk: Čeština
Vydáno: Praha : Zemský ústřední spolek jednot učitelských v Království českém, 1911
Fyzický popis: 159 s.
Knihy
Uloženo v:
LEADER 00678nam a22001932a 4500
001 000180065
003 CZ BrMZK
005 20080304134334.0
007 ta
008 950101s1911 xr f cze d
040 |a BOA001  |b cze  |c BOA001 
100 1 |a Tisovský, T. E.  |q (Tobiáš Eliáš),  |d 1863-1939  |7 jk01132505  |4 aut 
245 1 0 |a Podivuhodná cesta nezbedy Petra s divokými husami /  |c T. E. Tisovský 
260 |a Praha :  |b Zemský ústřední spolek jednot učitelských v Království českém,  |c 1911 
300 |a 159 s. 
910 |a BOA001  |b 1-0337.950 
990 |a BK 
993 |a Y 
996 6 |b 2619945164  |c 1-0337.950  |l MZK  |r Sklad / do 1 hodiny  |n 4  |w 000180065  |u 000010  |a 1  |e BOA001  |j MZK50  |s P